La Catalogne d'aujourd'hui. Palais de l'Unesco, du 23 mars au 5 avril 1981
Publicado:
[Barcelona :
Departement de commerce et Tourisme et Departement de Culture et Moyens de Communication. Generalitat de Catalunya, DL 1981]
Descripción Física:
[94] p. : il. ; 30 cm
Materias:
Catalunya -- Exposicions
MARC
| LEADER | 00000nam a2200000Ia 4500 | ||
|---|---|---|---|
| 001 | 1156 | ||
| 003 | BGR | ||
| 005 | 20260324175302.0 | ||
| 008 | 160829s9999 xx 000 0 cat d | ||
| 080 | |a M-3-209 | ||
| 111 | |a La Catalogne d'Aujourd'hui |9 71339 |c (Palais de l'Unesco : |d 1981) | ||
| 245 | |a La Catalogne d'aujourd'hui. Palais de l'Unesco, du 23 mars au 5 avril 1981 | ||
| 260 | |a [Barcelona : |b Departement de commerce et Tourisme et Departement de Culture et Moyens de Communication. Generalitat de Catalunya, DL 1981] | ||
| 300 | |a [94] p. : |b il. ; |c 30 cm | ||
| 650 | |a Catalunya |x Exposicions |9 22012 | ||
| 901 | |a Arxiu | ||
| 942 | |n 1 |2 udc |c JC | ||
| 952 | |0 0 |1 0 |4 0 |6 M3209 |7 1 |9 43381 |a Arxiu |b Arxiu |d 2016-12-01 |l 0 |o M-3-209 |p 1156 |r 2016-12-01 00:00:00 |w 2016-12-01 |y ARXIU | ||
| 999 | |c 45926 |d 45926 | ||